| 000 | 02280ngc a2200385 a 4500 | ||
|---|---|---|---|
| 003 | CHAP | ||
| 005 | 20260306062806.0 | ||
| 007 | vz czazzs | ||
| 008 | 221013s2016 mx 172|f |||| s0| vlspa d | ||
| 040 |
_amxchpua _cCHAP |
||
| 090 | _aVídeo | ||
| 100 | 1 |
_9147701 _aSantos Moreno, Armando _d1949 _edirector |
|
| 245 | 1 | 0 |
_aCaracterísticas del queso añejo de Zacatecas _h[Videograbación] / _cdirector Armando Santos Moreno |
| 250 | _a1a edición | ||
| 260 |
_aChapingo, México : _bEl autor, _c2016 |
||
| 306 | _a001722 | ||
| 490 | 1 |
_aVídeos de Quesos Madurados ; _v5 |
|
| 500 | _aDuración: 17:22 minutos Agradecimiento: A los queseros de Sombrerete, Zacatecas: El Girasol, La Muralla y El Capricho | ||
| 505 | 0 | 0 |
_tIntroducción _g(00:05) -- _tOrdeño _g(01:38) -- _tColecta _g(03:25) -- _tRecepción de la leche _g(04:35) -- _tPasteurización de la leche _g(05:07) -- _tAjuste de temperatura _g(05:51) -- _tAdición de calcio _g(05:51) -- _tAdición de cultivo _g(06:38) -- _tCuajado _g(07:17) -- _tCortado del gel _g(07:54) -- _tSegundo ajuste de temperatura _g(08:48) -- _tDesuerado _g(09:32) -- _tSalado de la pasta _g(10:59) -- _tMoldeado _g(11:19) -- _tPrensado _g(12:07) -- _tDesmoldado _g(12:24) -- _tDesbordado _g(12:37) -- _tPesado de los quesos _g(12:59) -- _tOreado de los quesos _g(13:20) -- _tEnchilado de los quesos _g(13:44) -- _tEmpacado y etiquetado de los quesos _g(14:18) -- _tConservación de los quesos _g(14:45) -- _tVenta de los quesos _g(15:00) -- _tCréditos _g(15:30) |
| 511 | 0 | _aNarrador: Armando Santos Moreno | |
| 511 | 0 | _aGuion: Armando Santos Moreno | |
| 521 | 4 | _aObra recomendada para estudiantes del Departamento de Ingeniería Agroindustrial | |
| 538 | _aModo de acceso: Internet | ||
| 546 | _aAudio: En español | ||
| 650 | 1 | 3 |
_9144437 _aQueso artesanal _zMéxico _zZacatecas |
| 650 | 1 | 3 |
_9142991 _aFabricación de queso |
| 650 | 1 | 3 |
_9152329 _aTecnología lechera |
| 650 | 1 | 3 |
_9185223 _aArtisan cheese _zMexico _zZacatecas |
| 650 | 1 | 3 |
_9146964 _aCheesemaking |
| 650 | 1 | 3 |
_9161553 _aDairy technology |
| 700 | 1 |
_9185662 _aCarrera Álvarez, José Ignacio _ecamarógrafo |
|
| 710 | 2 |
_aUniversidad Autónoma Chapingo _bDepartamento de Ingeniería Agroindustrial. _9143749 |
|
| 856 |
_yVER VÍDEO _u http://10.13.5.2/video/De_Queso_Anejo_De_Zacatecas.m4v |
||
| 942 |
_2local _cV |
||
| 999 |
_c217797 _d217797 |
||